000 00230nam a22000977a 4500
999 _c264433
_d264432
020 _a9780439908269
100 _aJack Prelutsky
245 _aI'm glad I'm me: Poems About You
260 _aNew York
_bScholastic
_c2006
942 _cBK